000
00313nam a2200133Ia 4500
005
20260328104341.0
008
260328s9999||||xx |||||||||||||| ||und||
100
_a
Güell, Xavier
245
0
_a
Claus En Kaan /
_c
Xavier Güell
260
_b
Gustavo Gili
300
_a
95 p.
650
_a
ARQUITECTOS
942
_c
BK
999
_c
12119
_d
12119